[Event "Østlandsserien 4B"]
[Site "Festsalen, Åsgård, Ås"]
[Date "1990.12.09"]
[Round "3"]
[Board "3"]
[White "Hanssen, Fredrik"]
[Black "Forsberg, Jan"]
[Result "1-0"]
[WhiteElo "915"]
[BlackElo "1694"]
[PlyCount "124"]
[EventDate "1990.11.10"]
[WhiteTeam "Ås 2"]
[BlackTeam "Sarpsborg 3"]

1. e4 g6 2. d4 Nf6 3. Bd3 Bg7 4. Be3 d6 5. Nf3 O-O 6. Nc3 Nbd7 7. Qd2 Re8 8.
O-O-O a6 9. Bh6 Bh8 10. h3 b5 11. h4 Bb7 12. h5 c5 13. hxg6 fxg6 14. Rh4 c4 15.
Be2 Rc8 16. Rdh1 b4 17. Nd5 Nxe4 18. Rxe4 Bxd5 19. Reh4 c3 20. bxc3 bxc3 21.
Qf4 Qb6 22. Kd1 Qb1+ 23. Qc1 Qxc1+ 24. Bxc1 Nf8 25. a3 Bf6 26. R4h3 Rb8 27.
Bxa6 Rb1 28. Ke2 Bxf3+ 29. Rxf3 Bxd4 30. Bc4+ e6 31. Kd3 Bg7 32. a4 Rb4 33. Bb5
Rb8 34. Ba3 Rd4+ 35. Ke3 Rd2 36. Bd3 h5 37. Bxd6 Rd8 38. Bxf8 Bxf8 39. Bxg6
Bh6+ 40. Ke4 Re2+ 41. Re3 Bxe3 42. fxe3 Rxc2 43. Kf3 Ra2 44. Rxh5 Rc8 45. Bh7+
Kg7 46. Rb5 Rb2 47. Be4 c2 48. Rg5+ Kf6 49. Rg6+ Kf7 50. Bxc2 Rcxc2 51. Rg4
Rf2+ 52. Kg3 Rxg2+ 53. Kh4 Rxg4+ 54. Kxg4 Rb4+ 55. Kf3 Rxa4 56. Ke2 Kf6 57. Kf3
Ke5 58. Kg3 Ke4 59. Kf2 Ra2+ 60. Ke1 Kd3 61. Kf1 Kxe3 62. Kg1 Kf3 1-0

[Event "Østlandsserien 3B"]
[Site "Vevelstad"]
[Date "1991.01.20"]
[Round "4.2"]
[White "Weberg, Øivind"]
[Black "Solberg, Joachim"]
[Result "1-0"]
[WhiteElo "1627"]
[BlackElo "1681"]
[PlyCount "101"]
[EventDate "1990.11.10"]
[WhiteTeam "Ås 1"]
[BlackTeam "Moss 2"]

1. e4 e6 2. Nf3 d5 3. e5 c5 4. g3 Nc6 5. Bg2 b6 6. O-O Bb7 7. Qe2 Qd7 8. d3
Nge7 9. Nbd2 Rc8 10. Re1 Ng6 11. h4 Nge7 12. Nf1 b5 13. N1h2 Nf5 14. c3 b4 15.
Bf4 a5 16. Rad1 Ba6 17. Bh3 Nfe7 18. Qd2 a4 19. h5 Rb8 20. Ng4 Ng8 21. Bf1 a3
22. bxa3 d4 23. c4 bxa3 24. Rb1 Rb4 25. Qc1 Qb7 26. Nd2 Rb2 27. Bg2 Nge7 28.
Nb3 Rxb1 29. Qxb1 Qb6 30. Be4 Nb4 31. Bc1 Nec6 32. Bxa3 Be7 33. h6 g6 34. Re2
Bb7 35. Rb2 O-O 36. Nf6+ Bxf6 37. exf6 Ra8 38. Bxb4 cxb4 39. c5 Qd8 40. Qd1
Qxf6 41. Qf3 Qxf3 42. Bxf3 e5 43. Nd2 f5 44. Bd5+ Kf8 45. Nc4 Nd8 46. Bxb7 Nxb7
47. c6 Na5 48. Nxe5 Re8 49. f4 Re6 50. c7 Re8 51. Rxb4 1-0

[Event "Østlandsserien 3B"]
[Site "Kulturhuset D6, Ås"]
[Date "1991.01.20"]
[Round "4"]
[Board "3"]
[White "Hansen, Kjetil L"]
[Black "Lea, Per"]
[WhiteElo "1642"]
[BlackElo "1626"]
[WhiteTeam "Moss 2"]
[BlackTeam "Ås 1"]
[Board "3"]
[PlyCount "78"]
[Result "1/2-1/2"]
[EventDate "1990.11.10"]
1.Nf3 Nf6 2.d4 d5 3.c4 e6 4.Nc3 Be7 5.Bg5 O-O 6.e3 Nbd7 7.cxd5 exd5
8.Bd3 Nb6 9.Ne5 Re8 10.O-O h6 11.f4 hxg5 12.fxg5 Nbd7 13.gxf6 Nxf6
14.Qe1 Be6 15.Ne2 Ng4 16.Nxg4 Bxg4 17.Bf5 Bxf5 18.Rxf5 Bg5 19.Nf4
Bxf4 20.Rxf4 Qe7 21.Rf3 c6 22.Qf2 Rf8 23.Rh3 g6 24.Rf1 Kg7 25.a3 Rh8
26.Rf3 Raf8 27.Rf6 g5 28.g3 Rh6 29.Rxh6 Kxh6 30.Qf6+ Qxf6 31.Rxf6+
Kg7 32.Rd6 f6 33.g4 Rf7 34.Kg2 Kf8 35.Re6 Kg7 36.Kf3 Rd7 37.Re8 Kf7
38.Rh8 Kg7 39.Re8 Kf7
1/2-1/2

[Event "Østlandsserien 3B"]
[Site "Vevelstad"]
[Date "1991.01.20"]
[Round "4.4"]
[White "Wilberg, Alf"]
[Black "Bjørgvik, Jan"]
[Result "1/2-1/2"]
[WhiteElo "1496"]
[BlackElo "1757"]
[PlyCount "146"]
[EventDate "1990.11.10"]
[WhiteTeam "Ås 1"]
[BlackTeam "Moss 2"]

1. d4 e6 2. Nf3 d5 3. Bf4 Nf6 4. e3 Bd6 5. Bg3 h5 6. Nbd2 c5 7. c3 Nc6 8. Be2
Ng4 9. Bh4 Be7 10. Bxe7 Qxe7 11. h3 Nf6 12. Qc2 cxd4 13. exd4 Bd7 14. Ne5 Rc8
15. Qd3 h4 16. g4 Nxe5 17. dxe5 Ne4 18. Nxe4 dxe4 19. Qe3 Rc5 20. O-O Bc6 21.
f4 exf3 22. Bxf3 Bxf3 23. Rxf3 Qc7 24. Raf1 O-O 25. Re1 Qb6 26. Qf2 Rb5 27.
Qxb6 Rxb6 28. Re2 Rd8 29. Ref2 Rd1+ 30. Kg2 Rb5 31. Rxf7 Rxe5 32. Rf1 Re2+ 33.
R7f2 Rdd2 34. Rxe2 Rxe2+ 35. Rf2 Re5 36. c4 a5 37. b3 Re3 38. Rd2 a4 39. b4 Rc3
40. c5 a3 41. Rf2 Rc4 42. Rf3 Rc2+ 43. Rf2 Rb2 44. Kf3 Rxb4 45. Re2 Kf7 46. Re3
Ra4 47. Rb3 Kf6 48. Rxb7 Rc4 49. Rb3 g5 50. Rxa3 Rxc5 51. Re3 Ra5 52. a3 Ra4
53. Ke2 e5 54. Kf3 Ke6 55. Rb3 Ra5 56. Ke4 Ra4+ 57. Kf3 Kd6 58. Rd3+ Kc5 59.
Rc3+ Kd4 60. Re3 Ra5 61. Re4+ Kd5 62. Re3 e4+ 63. Rxe4 Rxa3+ 64. Re3 Rxe3+ 65.
Kxe3 Ke5 66. Kf3 Kd4 67. Kf2 Ke4 68. Ke2 Kd4 69. Kd2 Ke4 70. Ke2 Kf4 71. Kf2
Ke4 72. Ke2 Kf4 73. Kf2 Ke4 1/2-1/2

[Event "Østlandsserien 4B"]
[Site "Vevelstad"]
[Date "1991.01.20"]
[Round "4.1"]
[White "Johnsen, Fredrik"]
[Black "Furnes, Torstein"]
[Result "0-1"]
[WhiteElo "1376"]
[BlackElo "1319"]
[PlyCount "40"]
[EventDate "1990.11.10"]
[WhiteTeam "Sarpsborg 4"]
[BlackTeam "Ås 2"]

1. e4 e5 2. Nf3 Nc6 3. Bc4 Bc5 4. c3 d6 5. b4 Bb6 6. a4 a5 7. b5 Nce7 8. Qb3
Nh6 9. d4 Rf8 10. Ng5 exd4 11. Nxh7 Rh8 12. Bxh6 Rxh7 13. Bxf7+ Kf8 14. Bg5 Qd7
15. f4 Qg4 16. Ra2 d3 17. Bxe7+ Kxe7 18. Bg8 Qxf4 19. Bxh7 Qe3+ 20. Kf1 Qc1+
0-1

[Event "Østlandsserien 3B"]
[Site "Vevelstad"]
[Date "1991.02.16"]
[Round "5.3"]
[White "Furnes, Harald"]
[Black "Klingen, Mary"]
[Result "1-0"]
[WhiteElo "1547"]
[BlackElo "1556"]
[PlyCount "98"]
[EventDate "1990.11.10"]
[WhiteTeam "Ås 1"]
[BlackTeam "Stjernen 3"]

1. d4 d5 2. c4 e6 3. Nf3 Nf6 4. Nc3 Nbd7 5. cxd5 exd5 6. Bf4 Bb4 7. Qb3 Ba5 8.
e3 c6 9. Bd3 Bc7 10. Bg3 h6 11. Rc1 Bxg3 12. hxg3 Qe7 13. Qc2 Ng4 14. Nxd5 Qd6
15. Nf4 Nb6 16. Qc5 Qxc5 17. Rxc5 Bd7 18. b3 Be6 19. Nxe6 fxe6 20. Ne5 Nxe5 21.
Rxe5 Kf7 22. Bc4 Rhe8 23. Rhh5 Nxc4 24. bxc4 Rad8 25. Ra5 a6 26. Ke2 Rd7 27. g4
Ra8 28. g5 hxg5 29. Raxg5 b5 30. Kd3 b4 31. Ra5 Rb7 32. Rh1 Ke7 33. Rb1 Kd7 34.
a3 b3 35. Kc3 Rab8 36. Rxa6 Kc7 37. Ra4 Rf8 38. Rb2 Rf5 39. Rb4 Ra7 40. R4xb3
g5 41. Kd3 Rfa5 42. g3 Kd6 43. c5+ Kc7 44. Ke4 Rxa3 45. Rxa3 Rxa3 46. Ke5 Ra8
47. Kxe6 Rf8 48. Ke5 g4 49. Ke4 Rf7 1-0

[Event "Østlandsserien 3B"]
[Site "Festsalen, Åsgård, Ås"]
[Date "1991.02.17"]
[Round "6"]
[Board "1"]
[White "Nilsen, Kjell"]
[Black "Lea, Per"]
[WhiteElo "1852"]
[BlackElo "1626"]
[WhiteTeam "Sicilianerne 1"]
[BlackTeam "Ås 1"]
[PlyCount "81"]
[EventDate "1990.11.10"]
[Result "1-0"]
1.e4 e5 2.Nf3 Nc6 3.Bb5 a6 4.Ba4 Nf6 5.O-O Be7 6.Re1 b5 7.Bb3 O-O 8.
d4 d6 9.c3 Bg4 10.Be3 Bxf3 11.Qxf3 Na5 12.Bc2 Nc4 13.Bc1 c5 14.b3 Nb6
15.d5 c4 16.Nd2 Rc8 17.b4 Qd7 18.Nf1 Qg4 19.Qe3 Nfd7 20.a4 Ra8 21.
axb5 axb5 22.Ra5 Rxa5 23.bxa5 Nc8 24.Ba3 Nc5 25.Rb1 Qd7 26.f4 exf4 27.
Qxf4 Na7 28.Ne3 Rc8 29.Nf5 Bf8 30.Nd4 g6 31.Bxc5 Rxc5 32.Nf3 Bg7 33.
Qe3 Qd8 34.e5 Qxa5 35.exd6 Rxd5 36.Qe8+ Bf8 37.Ne5 Qb6+ 38.Kh1 Qxd6
39.Qxf7+ Kh8 40.Re1 Rd2 41.Bxg6
1-0

[Event "Østlandsserien 4B"]
[Site "Vevelstad"]
[Date "1991.02.17"]
[Round "4.1"]
[White "Larsen, Vidar"]
[Black "Furnes, Torstein"]
[Result "1/2-1/2"]
[WhiteElo "1632"]
[BlackElo "1319"]
[PlyCount "60"]
[EventDate "1990.11.10"]
[WhiteTeam "IØSS 1"]
[BlackTeam "Ås 2"]

1. d4 Nf6 2. Nf3 d5 3. c4 e6 4. Bg5 Be7 5. e3 Nbd7 6. Bd3 O-O 7. O-O c5 8. cxd5
Nxd5 9. Bxe7 Nxe7 10. Qc2 f5 11. dxc5 Nd5 12. a3 Qa5 13. Nbd2 Qxc5 14. Rac1
Qxc2 15. Rxc2 N7f6 16. Rfc1 Bd7 17. Ne5 Rac8 18. Nxd7 Rxc2 19. Nxf6+ Nxf6 20.
Rxc2 Rd8 21. Bc4 Rd6 22. h3 Kf8 23. Ba2 e5 24. Kf1 Ke7 25. Ke2 b5 26. Rc7+ Rd7
27. Rc5 Rxd2+ 28. Kxd2 Ne4+ 29. Kc2 Nxc5 30. f3 Kd6 1/2-1/2

[Event "Østlandsserien 3B"]
[Site "Festsalen, Åsgård, Ås"]
[Date "1991.03.17"]
[Round "7.2"]
[White "Svendsen, Odin"]
[Black "Weberg, Øyvind"]
[Result "0-1"]
[WhiteElo "1598"]
[BlackElo "1626"]
[PlyCount "88"]
[EventDate "1991.11.10"]
[WhiteTeam "Fredriksstad 2"]
[BlackTeam "Ås 1"]

1. e4 e5 2. Nf3 Nc6 3. Bc4 Be7 4. d4 d6 5. d5 Nb8 6. O-O Nf6 7. Nc3 Bg4 8. Be2
O-O 9. Ne1 Bxe2 10. Qxe2 Nbd7 11. Nd3 Rc8 12. f4 c6 13. dxc6 Rxc6 14. Nd5 Nxd5
15. exd5 Rc8 16. Kh1 Bf6 17. Be3 Re8 18. Bxa7 Qa5 19. Bg1 Qxd5 20. fxe5 dxe5
21. Nb4 Qe6 22. Rad1 Bd8 23. c3 Nf6 24. Qb5 b6 25. Rd2 e4 26. Rfd1 Bc7 27. Nd5
Nxd5 28. Qxd5 f5 29. g3 Kf7 30. Kg2 Re7 31. Kf1 g5 32. Be3 h6 33. Rf2 Kg6 34.
Qxe6+ Rxe6 35. Rd7 Bd6 36. Bd4 Be5 37. Bxe5 Rxe5 38. Rd6+ Kh5 39. Rxb6 Rf8 40.
Rd2 f4 41. Rdd6 fxg3+ 42. Kg2 gxh2 43. Rxh6+ Kg4 44. Rxh2 Ref5 0-1

[Event "Østlandsserien 3B"]
[Site "Fredrikstad"]
[Date "1991.03.17"]
[Round "7.3"]
[White "Grønvold, Jan"]
[Black "Sæther, Steinar"]
[Result "1/2-1/2"]
[WhiteElo "1286"]
[BlackElo "1595"]
[PlyCount "60"]
[EventDate "1990.11.10"]
[WhiteTeam "Ås 1"]
[BlackTeam "Fredriksstad 2"]

1. e4 e6 2. d4 d5 3. e5 c5 4. c3 Nc6 5. Nf3 f6 6. Be3 Qb6 7. Qd2 Bd7 8. Be2
O-O-O 9. O-O h6 10. Rc1 c4 11. Qc2 Qc7 12. b3 cxb3 13. axb3 Kb8 14. Qa2 Rc8 15.
b4 Qb6 16. Na3 Nge7 17. b5 Na5 18. c4 Nxc4 19. Nxc4 dxc4 20. d5 Rc5 21. Bxc5
Qxc5 22. Rxc4 Qb6 23. d6 Nc8 24. Ra4 g5 25. h3 Bg7 26. exf6 Bxf6 27. Rd1 h5 28.
Nd2 Qxd6 29. Nc4 Qe7 30. Qb3 e5 1/2-1/2

[Event "Østlandsserien 3B"]
[Site "Fredrikstad"]
[Date "1991.03.17"]
[Round "7.4"]
[White "Salthe, Gaute"]
[Black "Isaksson, Tomas"]
[Result "1-0"]
[WhiteElo "1572"]
[BlackElo "1189"]
[PlyCount "69"]
[EventDate "1990.11.10"]
[WhiteTeam "Fredriksstad 2"]
[BlackTeam "Ås 1"]

1. Nc3 e5 2. Nf3 Nc6 3. d4 exd4 4. Nxd4 Nf6 5. Bg5 Be7 6. Nf5 O-O 7. Nxe7+ Nxe7
8. Bxf6 gxf6 9. e3 d5 10. Qf3 Qd6 11. O-O-O c6 12. g4 Kh8 13. Bd3 Rg8 14. Rhg1
Ng6 15. Qh3 Rg7 16. Ne2 Ne5 17. Bf5 Nc4 18. c3 b5 19. Rg3 b4 20. e4 bxc3 21.
Rxc3 Ba6 $2 22. Ng3 Qf4+ 23. Kb1 Qxf2 $2 24. Rc2 Qb6 25. Nh5 Qe3 26. Rc3 Qxh3
27. Rxh3 Rg5 28. Nxf6 Kg7 29. Nd7 Rh8 30. exd5 cxd5 31. Rxd5 Bb7 32. Rd4 Ba6
33. Rc3 Nb6 34. h4 Nxd7 35. Rxd7 {
Resten av noteringsskjemaet er uklart, men svart ga opp i trekk 41.} 1-0

[Event "Østlandsserien 4B"]
[Site "Vevelstad"]
[Date "1991.03.17"]
[Round "5.1"]
[White "Furnes, Torstein"]
[Black "Kvam, Kristin"]
[Result "1/2-1/2"]
[WhiteElo "1319"]
[BlackElo "1356"]
[PlyCount "86"]
[EventDate "1990.11.10"]
[WhiteTeam "Ås 2"]
[BlackTeam "Moss 3"]

1. d4 Nf6 2. c4 e6 3. Nf3 d5 4. Nc3 Be7 5. Bf4 a6 6. e3 Nbd7 7. h3 b6 8. Bd3
dxc4 9. Bxc4 Bb7 10. O-O c5 11. Rc1 Rc8 12. Be2 O-O 13. dxc5 Bxc5 14. a3 b5 15.
b4 Ba7 16. Qb3 Nd5 17. Nxd5 Bxd5 18. Qb2 Qe7 19. Bd3 Bxf3 20. gxf3 Qh4 21. Kh2
Bb8 22. Bxb8 Rxb8 23. Rg1 Nf6 24. Rc5 Rfd8 25. Rcg5 Kf8 26. Be4 Qh6 27. Rxg7
Ke7 28. Qe5 Rbc8 29. Bf5 Rc6 30. Be4 Rcd6 31. f4 Rd2 32. R1g2 Rxf2 33. Rxf2
Qxg7 34. Rg2 Qh6 35. Qc5+ Rd6 36. Bf3 Nd7 37. Qc3 Qf8 38. Rd2 Rxd2+ 39. Qxd2
Qc8 40. Qd3 Qc1 41. Kg2 Nb6 42. Bb7 Nc4 43. Kf2 Nxa3 1/2-1/2

[Event "Østlandsserien 3D"]
[Site "Ås"]
[Date "1991.11.09"]
[Round "1.1"]
[White "Svendsen, Per Gisle"]
[Black "Weberg, Øivind"]
[Result "1-0"]
[WhiteElo "1842"]
[BlackElo "1627"]
[PlyCount "136"]
[EventDate "1990.11.10"]
[WhiteTeam "SK 1911 1"]
[BlackTeam "Ås 1"]

1. e4 e5 2. Nf3 d6 3. d4 exd4 4. Nxd4 g6 5. Bc4 Bg7 6. O-O Nf6 7. Nc3 O-O 8. f4
c6 9. a4 Nxe4 10. Nxe4 d5 11. Ng3 dxc4 12. c3 Na6 13. f5 Nc5 14. Qg4 Bxd4+ 15.
cxd4 Nb3 16. Bh6 Nxa1 17. Rxa1 Re8 18. Rf1 f6 19. h4 Kf7 20. Qf4 Rg8 21. Kh1
Bd7 22. Ne4 Rf8 23. fxg6+ hxg6 24. Bxf8 Kxf8 25. Nxf6 Bf5 26. Qe5 Kf7 27. Ng4
Qxh4+ 28. Nh2 Re8 29. Qf4 Qxf4 30. Rxf4 Ke6 31. g4 Bd3 32. Kg1 Kd5 33. Rf7 Re1+
34. Kf2 Re2+ 35. Kg3 Rxb2 36. Nf3 Rb3 37. Kf4 Be2 38. Ng5 Kxd4 39. Re7 Bd3 40.
a5 Kc3 41. Nf3 Kb2 42. Ne5 Rb5 43. Ke3 Rb3 44. Kd4 Rb4 45. Nxd3+ cxd3+ 46. Kxd3
Rb5 47. a6 bxa6 48. Rxa7 a5 49. Ra6 Kb3 50. Rxc6 g5 51. Rf6 a4 52. Rf5 Kb4 53.
Rf1 a3 54. Kc2 Ka4 55. Rf5 Kb4 56. Rf8 Rc5+ 57. Kb1 Rc4 58. Ka2 Rxg4 59. Rf1
Rg2+ 60. Kb1 g4 61. Rc1 g3 62. Ka1 Rf2 63. Rc8 g2 64. Rc1 Rf1 65. Ka2 Rf2+ 66.
Ka1 Kb3 67. Rb1+ Kc2 68. Rc1+ Kd2 1-0

[Event "Østlandsserien 3D"]
[Site "Ås"]
[Date "1991.11.09"]
[Round "1"]
[Board "4"]
[White "Lea, Per"]
[Black "Unnli, Matti"]
[WhiteElo "1569"]
[BlackElo "1526"]
[WhiteTeam "Ås"]
[BlackTeam "SK 1911"]
[EventDate "1990.11.10"]
[WhiteTeam "Ås 1"]
[BlackTeam "SK 1911 1"]
[PlyCount "107"]
[Result "1/2-1/2"]
1.e4 e6 2.d4 d5 3.Nc3 dxe4 4.Nxe4 Nd7 5.Nf3 Ngf6 6.Bg5 Be7 7.Nxf6+
Nxf6 8.Bd3 O-O 9.O-O b6 10.c3 Nd5 11.Bxe7 Qxe7 12.Qc2 f5 13.Rfe1 Qf6
14.Re5 Nf4 15.Rae1 Bb7 16.R1e3 Rad8 17.g3 Bxf3 18.Rxf3 Nxd3 19.Rxd3
Rd6 20.f4 Rfd8 21.Rde3 Kf7 22.Qe2 c6 23.Qh5+ Qg6 24.Qxg6+ hxg6 25.Kf2
b5 26.a3 R8d7 27.h3 a5 28.g4 Ra7 29.Ke2 b4 30.axb4 axb4 31.Kd3 Ra2
32.Re2 bxc3 33.bxc3 Ra1 34.Re1 Ra8 35.Kc4 Rh8 36.R1e3 Rh4 37.Kc5 Ke7
38.gxf5 gxf5 39.Rxf5 Rxh3 40.Rxh3 exf5 41.Re3+ Kd7 42.Re5 Rf6 43.c4
Rf8 44.d5 cxd5 45.Kxd5 Rf6 46.c5 g6 47.Re2 Ra6 48.Rh2 Ra4 49.Rh7+ Kd8
50.Rg7 Rxf4 51.Rxg6 Rf1 52.Rf6 f4 53.Ke4 Kc7 54.Rxf4
1/2-1/2

[Event "Østlandsserien 4B"]
[Site "Ås"]
[Date "1991.11.10"]
[Round "1.1"]
[White "Furnes, Torstein"]
[Black "Skåksrud, Thorbjørn"]
[Result "1-0"]
[WhiteElo "1378"]
[BlackElo "1600"]
[PlyCount "69"]
[EventDate "1992.11.10"]
[WhiteTeam "Ås 2"]
[BlackTeam "Sarpsborg 4"]

1. d4 Nf6 2. c4 g6 3. Nc3 Bg7 4. Nf3 d6 5. e4 O-O 6. Be2 b6 7. O-O c5 8. d5 Ng4
9. Qc2 Nd7 10. Ng5 Ndf6 11. h3 Ne5 12. f4 Ned7 13. Kh1 h6 14. Nf3 Nh5 15. Kh2
e5 16. fxe5 Nxe5 17. g4 Nxf3+ 18. Rxf3 Be5+ 19. Kg2 Nf6 20. Bxh6 Re8 21. Bg5
Kg7 22. Raf1 Rh8 23. Bxf6+ Bxf6 24. Rxf6 Qxf6 25. Rxf6 Kxf6 26. Nb5 Ke7 27. Qd2
f6 28. Qf4 Ba6 29. Qxd6+ Kf7 30. Qd7+ Kg8 31. Nc7 Bc8 32. Qd8+ Kg7 33. Qe7+ Kh6
34. Nxa8 f5 35. g5# 1-0

[Event "Østlandsserien 3D"]
[Site "Oslo"]
[Date "1991.12.07"]
[Round "2"]
[Board "1"]
[White "Johansen, Anders Sten"]
[Black "Wister, Tom R"]
[Result "1-0"]
[WhiteElo "1590"]
[BlackElo "1644"]
[PlyCount "59"]
[EventDate "1990.11.10"]
[WhiteTeam "Ås 1"]
[BlackTeam "NKL 1"]

1. e4 e6 2. d4 d5 3. Nd2 Nf6 4. e5 Nfd7 5. f4 c5 6. c3 Nc6 7. Ndf3 f6 8. g3 Qb6
9. Bd3 cxd4 10. cxd4 Bb4+ 11. Kf1 fxe5 12. fxe5 O-O 13. Kg2 g6 14. Ne2 Ne7 $4
15. a3 Nxe5 16. Nxe5 Bd6 17. Bh6 Re8 18. Qa4 Nc6 19. Nxc6 bxc6 20. Qc2 Kf7 21.
Rhf1+ Ke7 22. Bg5+ Kd7 23. Rf7+ Be7 24. Rxh7 Kd8 25. Bxe7+ Rxe7 26. Rh8+ Kc7
27. Rf1 Bb7 28. Rxa8 Bxa8 29. Bxg6 Bb7 30. Qc5 1-0

[Event "Østlandsserien 3D"]
[Site "Oslo"]
[Date "1991.12.07"]
[Round "2.3"]
[White "Samset, Jon"]
[Black "Wister, Finn A"]
[Result "1-0"]
[WhiteElo "1017"]
[BlackElo "1346"]
[PlyCount "66"]
[EventDate "1990.11.10"]
[WhiteTeam "Ås 1"]
[BlackTeam "NKL 1"]

1. c4 Nf6 2. Nf3 g6 3. g3 d5 4. e3 Bg7 5. d4 c5 6. Nc3 Nc6 7. b3 cxd4 8. exd4
O-O 9. Bg2 dxc4 10. bxc4 e6 11. O-O Rb8 12. Re1 b6 13. Rb1 Qc7 14. Bf4 e5 15.
Nxe5 Nxe5 16. Bxe5 Qxc4 17. Bxb8 Qxc3 18. Bxa7 Nd7 19. Bxb6 Nxb6 20. Rxb6 Bxd4
21. Rc6 Qb4 22. Re4 Rd8 23. Qc1 Bb7 24. Rc4 Qb2 25. Qxb2 Bxb2 26. Re3 Rd1+ 27.
Bf1 Ba6 28. Kg2 Bxc4 29. Bxc4 Rd7 30. a4 Kf8 31. a5 Rc7 32. Re2 Bc3 33. Bb5
Bxa5 1-0

[Event "Østlandsserien 4B"]
[Site "Ås"]
[Date "1991.12.07"]
[Round "2"]
[Board "2"]
[White "Hanssen, Fredrik"]
[Black "Stene, Sigurd"]
[Result "1-0"]
[WhiteElo "1033"]
[BlackElo "1615"]
[PlyCount "73"]
[EventDate "1992.11.10"]
[WhiteTeam "Ås 2"]
[BlackTeam "Moss 4"]

1. e4 d5 2. exd5 Qxd5 3. Nc3 Qa5 4. a3 c6 5. Bc4 Nf6 6. Nf3 Bg4 7. b4 Qh5 8.
Be2 e6 9. h3 Bd6 10. Nd4 Bxe2 11. Qxe2 Qg6 12. Qf3 O-O 13. d3 Re8 14. O-O Nbd7
15. Bb2 e5 16. Nb3 Nh5 17. Ne4 Bc7 18. Nbc5 Nxc5 19. Nxc5 b6 20. Ne4 f5 21. Ng3
Nf4 22. Rae1 Rad8 23. Bc1 Qh6 $2 24. Nxf5 Qf6 25. Ne3 g5 26. Ng4 Qg6 27. Qe4
Qe6 28. Bb2 Rd5 29. Re3 h5 30. Nh2 g4 31. hxg4 h4 32. Qf5 c5 33. Qxe6+ Rxe6 34.
Rfe1 a5 35. b5 Kf7 36. Nf3 h3 37. Ng5+ 1-0

[Event "Østlandsserien 4B"]
[Site "Ås"]
[Date "1991.12.07"]
[Round "2.3"]
[White "Czilling, Ludwig"]
[Black "Hanssen, Jon Fredrik"]
[Result "0-1"]
[WhiteElo "1537"]
[BlackElo "985"]
[PlyCount "108"]
[EventDate "1992.11.10"]
[WhiteTeam "Moss 2"]
[BlackTeam "Ås 2"]

1. e4 e5 2. f4 d6 3. Nf3 Nc6 4. Bc4 Bg4 5. O-O Nd4 6. c3 Nxf3+ 7. gxf3 Bh3 8.
Rf2 Nf6 9. d3 c6 10. fxe5 dxe5 11. d4 Bc5 12. Be3 b5 13. Be2 Bb6 14. Na3 O-O
15. Nc2 exd4 16. Nxd4 Rc8 17. Kh1 a6 18. Qg1 c5 19. Nc2 Rc6 20. Bg5 h6 21. Bxh6
Nh5 22. f4 Rxh6 23. Bxh5 Rxh5 24. Rd1 Qf6 25. Rd3 c4 26. Rd4 Bxd4 27. cxd4 Re8
28. Qd1 Rh4 29. Qf3 Rh6 30. e5 Qd8 31. d5 Bf5 32. Ne3 Rh3 33. Qe2 Be4+ 34. Kg1
Bxd5 35. Qg4 Rh6 36. Qe2 Rg6+ 37. Kf1 Bc6 38. f5 Rh6 39. Ng4 Rh7 40. f6 Qd3 41.
Qxd3 cxd3 42. Ke1 g6 43. Kd2 Rh4 44. Rf4 Rh3 45. Rd4 a5 46. Rd6 Bf3 47. Ne3
Rxh2+ 48. Kxd3 Be2+ 49. Kd4 Rh4+ 50. Kc3 b4+ 51. Kd2 Bc4 52. b3 Rh2+ 53. Kc1
Be6 54. Nd5 Rc8+ 0-1

[Event "Østlandsserien 4B"]
[Site "Ås"]
[Date "1991.12.08"]
[Round "3.3"]
[White "Hanssen, Jon Fredrik"]
[Black "Thøgersen, Arild"]
[Result "1/2-1/2"]
[WhiteElo "985"]
[BlackElo "1515"]
[PlyCount "86"]
[EventDate "1992.11.10"]
[WhiteTeam "Moss 2"]
[BlackTeam "Ås 2"]

1. c4 e5 2. Nc3 Nc6 3. Nf3 Nf6 4. d3 g6 5. e4 Bg7 6. Bg5 d6 7. Nd5 O-O 8. Qd2
Be6 9. Bh6 Bxh6 10. Qxh6 Ng4 11. Qd2 Kg7 12. h3 Nf6 13. Be2 Nb8 14. b3 c6 15.
Nxf6 Qxf6 16. Qg5 Qxg5 17. Nxg5 Bd7 18. Bg4 h6 19. Bxd7 Nxd7 20. Nf3 Nc5 21.
Rd1 Ne6 22. O-O Rac8 23. g3 Rc7 24. d4 exd4 25. Nxd4 Rd8 26. Nxe6+ fxe6 27. Rd3
c5 28. a4 Rcd7 29. Rfd1 Kf6 30. Kg2 Ke7 31. g4 g5 32. Kg3 e5 33. h4 gxh4+ 34.
Kxh4 Rf8 35. f3 Rf6 36. Rg1 Rg6 37. Kh5 Kf7 38. g5 hxg5 39. Rxg5 Rxg5+ 40. Kxg5
Ke6 41. Kg4 Rg7+ 42. Kh3 Rg1 43. Kh2 Rg7 1/2-1/2
XXX

[Event "Østlandsserien 4B"]
[Site "Ås"]
[Date "1992.01.19"]
[Round "4.2"]
[White "Furnes, Torstein"]
[Black "Martinsen, Jørn"]
[Result "1-0"]
[WhiteElo "1357"]
[BlackElo "1136"]
[PlyCount "77"]
[EventDate "1992.11.10"]
[WhiteTeam "Ås 2"]
[BlackTeam "Fredriksstad 4"]

1. d4 d5 2. c4 Nf6 3. Nc3 e6 4. Nf3 Nc6 5. Bg5 h6 6. Bh4 b6 7. e3 Bb7 8. cxd5
exd5 9. Bxf6 gxf6 10. Bb5 a6 11. Be2 Rg8 12. Rg1 Qd7 13. a3 O-O-O 14. Qc2 Ne7
15. Bd3 Kb8 16. b4 Re8 17. Rc1 Nc6 18. Ne2 b5 19. Bf5 Qd8 20. Nf4 Bd6 21. Nd3
Bxh2 22. Rh1 Rxg2 23. Kf1 Reg8 24. Rxh2 Rxh2 25. Nxh2 Rg5 26. Nc5 Ne7 27. Nxb7
Kxb7 28. Bd3 Qd6 29. Nf3 Rh5 30. Ke2 Nc6 31. Qc3 Qe6 32. Qc5 Rh3 33. Bxb5 Nxd4+
34. Nxd4 Rxe3+ 35. fxe3 Qg4+ 36. Kd2 Qg2+ 37. Ne2 Qh2 38. Qc6+ Kc8 39. Qa8# 1-0

[Event "Østlandsserien 4B"]
[Site "Ås"]
[Date "1992.01.19"]
[Round "4"]
[Board "4"]
[White "Hanssen, Fredrik"]
[Black "Paulsen, Tomas"]
[Result "1-0"]
[WhiteElo "1175"]
[BlackElo "1119"]
[PlyCount "73"]
[EventDate "1992.11.10"]
[WhiteTeam "Ås 2"]
[BlackTeam "Fredriksstad 4"]

1. e4 c6 2. d4 d5 3. Nc3 dxe4 4. Nxe4 Nf6 5. Nc3 Bf5 6. Nf3 Nbd7 7. Be3 e6 8.
a3 Be7 9. Bd3 Bg6 10. O-O Qc7 11. Ne2 Nd5 12. Bg5 Bf6 13. c3 O-O-O 14. Bc4 N7b6
15. Bb3 Bxg5 16. Nxg5 h6 17. Nf3 f6 18. Nd2 Bf7 19. Nc4 Nxc4 20. Bxc4 e5 21.
Bxd5 Bxd5 22. Qc2 exd4 23. Nxd4 Qd7 24. Qf5 Qxf5 25. Nxf5 Rd7 26. Rfe1 Kd8 27.
Re3 Re8 28. Rxe8+ Kxe8 29. Re1+ Kf7 30. Rd1 Be6 31. Rxd7+ Bxd7 32. Nd6+ Ke6 33.
Nxb7 Kd5 34. g3 Kc4 35. Na5+ Kb5 36. Nb7 Kc4 37. Na5+ 1-0

[Event "Østlandsserien 3D"]
[Site "Ås"]
[Date "1992.02.15"]
[Round "5.2"]
[White "Furnes, Harald"]
[Black "Fosli, Nils Johan"]
[Result "1-0"]
[WhiteElo "1539"]
[BlackElo "1581"]
[PlyCount "71"]
[EventDate "1990.11.10"]
[WhiteTeam "Ås"]
[BlackTeam "Stjernen 4"]

1. d4 d5 2. c4 e6 3. Nc3 Nf6 4. Nf3 Nbd7 5. Bg5 c6 6. cxd5 exd5 7. Rc1 Be7 8.
e3 O-O 9. Bd3 Re8 10. Qc2 Nf8 11. O-O Be6 12. Qb3 b6 13. Qc2 Rc8 14. Ba6 Rb8
15. Bd3 Qd7 16. Qa4 b5 17. Qc2 h6 18. Bh4 Qb7 19. Ne2 Rbc8 20. Qb3 N8d7 21. Nf4
Bd6 22. Bg3 Ne4 23. Nxe6 Nxg3 24. Nxg7 Kxg7 25. hxg3 a6 26. Nh4 Bxg3 27. Nf5+
Kh8 28. Nxg3 c5 29. Qd1 c4 30. Qh5 Qb6 31. Bf5 Rc7 32. Bxd7 Rxd7 33. Ne2 Rg8
34. Ng3 Rg5 35. Qf3 Qe6 36. Nh5 1-0

[Event "Østlandsserien 3D"]
[Site "Ås"]
[Date "1992.02.15"]
[Round "5"]
[Board "3"]
[White "Wiig, Ole Martin"]
[Black "Lea, Per"]
[WhiteElo "1560"]
[BlackElo "1560"]
[WhiteTeam "Stjernen 4"]
[BlackTeam "Ås"]
[EventDate "1990.11.10"]
[Result "1/2-1/2"]
[PlyCount "52"]
1.e4 e5 2.Nf3 Nc6 3.Bb5 a6 4.Ba4 Nf6 5.d4 exd4 6.O-O Be7 7.e5 Ne4 8.
Nxd4 Nxd4 9.Qxd4 Nc5 10.Nc3 Nxa4 11.Qxa4 O-O 12.Nd5 d6 13.Nxe7+ Qxe7
14.exd6 Qxd6 15.Bf4 Qd7 16.Qc4 c6 17.Rad1 Qe6 18.Qa4 Qf5 19.Rd3 b5
20.Qd4 c5 21.Qd6 Be6 22.Rfd1 f6 23.Re1 Rfe8 24.Rde3 Bf7 25.Rxe8+ Rxe8
26.Rxe8+ Bxe8
1/2-1/2

[Event "Østlandsserien 3D"]
[Site "Ås"]
[Date "1992.03.22"]
[Round "7.2"]
[White "Rekkedal, Fredrik"]
[Black "Furnes, Harald"]
[Result "0-1"]
[WhiteElo "1639"]
[BlackElo "1539"]
[PlyCount "88"]
[EventDate "1990.11.10"]
[WhiteTeam "Stovner"]
[BlackTeam "Ås"]

1. d4 Nf6 2. c4 e6 3. Nf3 d5 4. Nc3 c5 5. e3 Nc6 6. a3 Be7 7. dxc5 Bxc5 8. b4
Bb6 9. Be2 dxc4 10. Qc2 Bd7 11. O-O a6 12. Bb2 Rc8 13. Rad1 Qe7 14. Ng5 Bc7 15.
Rd2 b5 16. Rfd1 Nb8 17. Nce4 Nd5 18. Bxg7 Rg8 19. Bh6 Rg6 20. Bh5 Rxh6 21.
Bxf7+ Kf8 22. f4 Bb6 23. Nc5 Bxc5 24. bxc5 Rxc5 25. Qe4 Qf6 26. Nxh7+ Rxh7 27.
Qxh7 Qxf7 28. Qh8+ Qg8 29. Qd4 Rc8 30. Rf2 Qg7 31. Qd2 Qc3 32. Qe2 Qxe3 33. Qh5
c3 34. f5 Ke7 35. fxe6 Bxe6 36. Qh7+ Kd6 37. Qc2 Rf8 38. Rdf1 Rxf2 39. Rxf2
Qe1+ 40. Rf1 Qd2 41. Qg6 Nc6 42. Qg3+ Kd7 43. Qg7+ Nce7 44. Rf2 c2 0-1